[Event "TCh-FRA Top 12 2014"]
[Site "Saint-Quentin FRA"]
[Date "2014.05.28"]
[Round "5.6"]
[White "Moussard, Jules"]
[Black "Buscara, Sevan"]
[Result "1-0"]
[WhiteTitle "IM"]
[BlackTitle "FM"]
[WhiteElo "2440"]
[BlackElo "2379"]
[WhiteTeam "Evry Grand Roque"]
[BlackTeam "Echecs Club Montpellier"]
[WhiteFideId "642908"]
[BlackFideId "650234"]
[EventDate "2014.05.24"]

1. c4 g6 2. g3 Bg7 3. Bg2 e5 4. Nc3 Ne7 5. Nf3 O-O 6. O-O f5 7. b4 e4 8. Ne1 d5
9. c5 Nbc6 10. b5 Ne5 11. d4 Nc4 12. Nc2 c6 13. Rb1 h6 14. e3 g5 15. f4 exf3 16.
Bxf3 Be6 17. Nb4 Qd7 18. a4 Na5 19. Kh1 Kh8 20. Qe2 Rae8 21. Bh5 Bf7 22. Bxf7
Rxf7 23. Qd3 Bf6 24. Rb2 h5 25. Rbf2 Rh7 26. Qd1 Bg7 27. Nc2 Nc4 28. Qe2 Qe6 29.
e4 fxe4 30. Bxg5 Kg8 31. Bf6 Bxf6 32. Rxf6 Qg4 33. Qf2 Rg7 34. Nd1 Qg5 35. Nde3
Nb2 36. Nb4 Nd3 37. Nxd3 exd3 38. Re6 Rc8 39. h4 Qxg3 40. Qxg3 Rxg3 41. Rxe7 Rf8
42. Rg1 Rxg1+ 43. Kxg1 d2 44. Nd1 Rf4 45. Rxb7 cxb5 46. c6 1-0

[Event "TCh-FRA Top 12 2014"]
[Site "Saint-Quentin FRA"]
[Date "2014.05.28"]
[Round "5.7"]
[White "Collas, Silvia"]
[Black "Sochacki, Christophe"]
[Result "1/2-1/2"]
[WhiteTitle "IM"]
[BlackTitle "IM"]
[WhiteElo "2290"]
[BlackElo "2449"]
[WhiteTeam "Echecs Club Montpellier"]
[BlackTeam "Evry Grand Roque"]
[WhiteFideId "2902265"]
[BlackFideId "662569"]
[EventDate "2014.05.24"]

1. c4 b6 2. e4 Bb7 3. Nc3 e6 4. Nge2 a6 5. d3 g6 6. Be3 Bg7 7. Qd2 d6 8. h3 Qd7
9. g4 h5 10. g5 Ne7 11. Bg2 Nf5 12. exf5 Bxg2 13. Rh2 Bf3 14. f6 Bf8 15. Ng1 Bb7
16. f4 Nc6 17. O-O-O O-O-O 18. d4 d5 19. cxd5 Nb4 20. Nf3 Nxd5 21. Ne5 Qe8 22.
Nxd5 Bxd5 23. Qd3 Kb7 24. Kb1 Bd6 25. Rc1 Rf8 26. Nc4 Qb5 27. Rhc2 Bxc4 28. Qxc4
Qxc4 29. Rxc4 b5 30. Rc6 Rd7 31. a3 Ra8 32. Ka2 a5 33. b3 Bf8 34. a4 bxa4 35.
bxa4 Rc8 36. R6c4 c6 37. Kb3 Rd5 38. Kc2 Ba3 39. Rb1+ Kc7 40. Kd3 Bb4 41. Ke4
Rb8 42. Rb3 Rdd8 43. Rc1 Bf8 44. Rcb1 Rb4 45. Rxb4 axb4 46. Kd3 Ra8 47. Ra1 Rb8
48. Rb1 Ra8 49. Ra1 Rb8 50. Rb1 Ra8 51. Ke4 1/2-1/2

[Event "TCh-FRA Top 12 2014"]
[Site "Saint-Quentin FRA"]
[Date "2014.05.28"]
[Round "5.8"]
[White "Bergez, Luc"]
[Black "Touzane, Olivier"]
[Result "0-1"]
[WhiteTitle "IM"]
[BlackTitle "IM"]
[WhiteElo "2380"]
[BlackElo "2325"]
[WhiteTeam "Evry Grand Roque"]
[BlackTeam "Echecs Club Montpellier"]
[WhiteFideId "606600"]
[BlackFideId "602906"]
[EventDate "2014.05.24"]

1. e4 e5 2. Nf3 Nc6 3. Nc3 Nf6 4. d4 exd4 5. Nxd4 Bb4 6. Nxc6 bxc6 7. Bd3 d5 8.
exd5 cxd5 9. O-O O-O 10. h3 c6 11. Qf3 h6 12. Bf4 Bd6 13. Rfe1 Rb8 14. b3 Rb4
15. Be5 Qc7 16. Bxf6 Rf4 17. Qh5 Rxf6 18. Na4 Bh2+ 19. Kf1 Bg3 20. Re2 Qf4 21.
Qf3 Qg5 22. Qe3 Rxf2+ 23. Qxf2 Bxf2 24. Rxf2 Re8 25. Re1 Rxe1+ 26. Kxe1 Qc1+ 27.
Ke2 Qa3 28. Nc3 Be6 29. Rf4 Qc1 30. Rb4 g5 31. Nd1 c5 32. Rb8+ Kg7 33. Rb7 g4
34. Rxa7 Qf4 35. c4 dxc4 36. bxc4 Bxc4 37. Ne3 Bxd3+ 38. Kxd3 g3 39. Rb7 c4+ 40.
Nxc4 Qf1+ 41. Kd4 0-1

[Event "TCh-FRA Top 12 2014"]
[Site "Saint-Quentin FRA"]
[Date "2014.05.28"]
[Round "5.1"]
[White "David, Alberto"]
[Black "Iordachescu, Viorel"]
[Result "1/2-1/2"]
[WhiteTitle "GM"]
[BlackTitle "GM"]
[WhiteElo "2579"]
[BlackElo "2594"]
[WhiteTeam "Les Tours de Haute Picardie"]
[BlackTeam "Club d'Echecs Metz Fischer"]
[WhiteFideId "4000013"]
[BlackFideId "13900200"]
[EventDate "2014.05.24"]

1. e4 g6 2. d4 Bg7 3. Nf3 d6 4. c3 Nf6 5. Bd3 O-O 6. O-O c5 7. h3 Na6 8. Re1
cxd4 9. cxd4 e5 10. Bxa6 bxa6 11. dxe5 dxe5 12. Qxd8 Rxd8 13. Nc3 Bb7 14. Bg5 h6
15. Bxf6 Bxf6 16. Rad1 Rac8 17. Rxd8+ Rxd8 18. Re2 Kf8 19. Kf1 Ke7 20. Rd2 Rb8
21. Nd5+ Bxd5 22. Rxd5 Rxb2 23. Ra5 Rb4 24. Rxa6 Rxe4 25. Rxa7+ Kf8 26. Ra5 Rb4
27. Nxe5 Rb1+ 28. Ke2 Rb2+ 29. Kf1 Bxe5 1/2-1/2

[Event "TCh-FRA Top 12 2014"]
[Site "Saint-Quentin FRA"]
[Date "2014.05.28"]
[Round "5.2"]
[White "Postny, Evgeny"]
[Black "Pelletier, Yannick"]
[Result "1/2-1/2"]
[WhiteTitle "GM"]
[BlackTitle "GM"]
[WhiteElo "2641"]
[BlackElo "2577"]
[WhiteTeam "Club d'Echecs Metz Fischer"]
[BlackTeam "Les Tours de Haute Picardie"]
[WhiteFideId "2804344"]
[BlackFideId "1301837"]
[EventDate "2014.05.24"]

1. d4 Nf6 2. c4 e6 3. Nf3 d5 4. Nc3 dxc4 5. e4 Bb4 6. Bg5 h6 7. Bxf6 Qxf6 8.
Bxc4 c5 9. e5 Qd8 10. d5 exd5 11. Bxd5 Bxc3+ 12. bxc3 O-O 13. O-O Nc6 14. Re1
Qc7 15. Qb3 Bg4 16. e6 Bxe6 17. Bxe6 fxe6 18. Rxe6 Qf7 19. Rae1 Rad8 20. Qb5 Rd5
21. h3 Rfd8 22. Qc4 Rd1 23. Rxd1 Rxd1+ 24. Kh2 Rd8 25. Qg4 Qd7 26. Nh4 Re8 27.
Rxe8+ Qxe8 28. f4 Qf7 29. Ng6 Kh7 30. f5 Ne7 31. Nxe7 Qxe7 32. c4 1/2-1/2

[Event "TCh-FRA Top 12 2014"]
[Site "Saint-Quentin FRA"]
[Date "2014.05.28"]
[Round "5.3"]
[White "Bunzmann, Dimitrij"]
[Black "Riazantsev, Alexander"]
[Result "0-1"]
[WhiteTitle "GM"]
[BlackTitle "GM"]
[WhiteElo "2464"]
[BlackElo "2692"]
[WhiteTeam "Les Tours de Haute Picardie"]
[BlackTeam "Club d'Echecs Metz Fischer"]
[WhiteFideId "4634284"]
[BlackFideId "4125029"]
[EventDate "2014.05.24"]

1. c4 Nf6 2. Nc3 e6 3. e4 d5 4. e5 d4 5. exf6 dxc3 6. bxc3 Qxf6 7. d4 e5 8. Nf3
Nc6 9. Nxe5 Nxe5 10. Qe2 Be7 11. dxe5 Qg6 12. Qe3 Bf5 13. Be2 Qxg2 14. Bf3 Qg6
15. Bxb7 Rb8 16. Bd5 c6 17. Qxa7 Rd8 18. Bf3 Bg4 19. Ba3 Bxa3 20. Rg1 Bb2 21.
Rxg4 Qd3 22. Bxc6+ Kf8 23. f3 Bxc3+ 24. Kf2 Bxa1 25. Bd5 Qc2+ 26. Kg1 Qf5 27.
Qa3+ Kg8 28. Qe7 Rf8 29. e6 g6 30. exf7+ Kg7 31. h4 Bf6 32. Qa7 Qb1+ 33. Kg2
Qc2+ 34. Kf1 Qh2 35. a4 Bxh4 36. a5 Qh1+ 37. Rg1 Qh3+ 38. Rg2 Qf5 39. Re2 Qd3
40. Qe3 Qxe3 41. Rxe3 Rxf7 42. Bxf7 Kxf7 43. a6 Ra8 44. Ra3 Ke6 45. Kg2 Be7 46.
Ra5 Bd8 47. Ra1 Kd6 48. Rd1+ Kc6 49. f4 Bc7 50. f5 gxf5 51. Ra1 Kb6 0-1

[Event "TCh-FRA Top 12 2014"]
[Site "Saint-Quentin FRA"]
[Date "2014.05.28"]
[Round "5.4"]
[White "Koch, Jean-Rene"]
[Black "Kveinys, Aloyzas"]
[Result "0-1"]
[WhiteTitle "IM"]
[BlackTitle "GM"]
[WhiteElo "2455"]
[BlackElo "2547"]
[WhiteTeam "Club d'Echecs Metz Fischer"]
[BlackTeam "Les Tours de Haute Picardie"]
[WhiteFideId "600148"]
[BlackFideId "12800040"]
[EventDate "2014.05.24"]

1. e4 c5 2. Nf3 e6 3. d3 Nc6 4. g3 g6 5. Bg2 Bg7 6. O-O Nge7 7. Re1 d6 8. c3 e5
9. a3 O-O 10. b4 Kh8 11. Nbd2 f5 12. Qb3 Qc7 13. Bb2 f4 14. d4 b6 15. Rac1 Rb8
16. a4 Bd7 17. Ba3 Bh6 18. Qc4 Rbc8 19. dxc5 dxc5 20. Rcd1 fxg3 21. fxg3 Bg4 22.
bxc5 Bxd2 23. Nxd2 Bxd1 24. Rxd1 Rcd8 25. Rf1 Rxf1+ 26. Nxf1 bxc5 27. Bxc5 Na5
28. Qb4 Nec6 29. Qb5 Qf7 30. Ne3 Rb8 31. Qf1 Qxf1+ 32. Bxf1 Rb1 33. Kg2 Rb2+ 34.
Kh3 Kg7 35. Bb5 h5 36. g4 Nb7 37. Ba3 Rb3 38. Nc4 Rxc3+ 39. Kg2 Nd4 40. Ba6 Na5 0-1

[Event "TCh-FRA Top 12 2014"]
[Site "Saint-Quentin FRA"]
[Date "2014.05.28"]
[Round "5.5"]
[White "Godart, Francois"]
[Black "Terrieux, Kevin"]
[Result "1/2-1/2"]
[WhiteTitle "FM"]
[BlackTitle "IM"]
[WhiteElo "2376"]
[BlackElo "2416"]
[WhiteTeam "Les Tours de Haute Picardie"]
[BlackTeam "Club d'Echecs Metz Fischer"]
[WhiteFideId "208078"]
[BlackFideId "622591"]
[EventDate "2014.05.24"]

1. d4 Nf6 2. Nf3 g6 3. c4 c5 4. d5 b5 5. cxb5 a6 6. bxa6 Bxa6 7. Nc3 Bg7 8. e4
Bxf1 9. Kxf1 d6 10. g3 Nbd7 11. Kg2 O-O 12. Qe2 Qa5 13. Bd2 Rfb8 14. b3 Qa6 15.
Qxa6 Rxa6 16. Rab1 Ne8 17. Na4 Nc7 18. Bg5 h6 19. Be3 Rb4 20. Nd2 f5 21. f3 Nf6
22. a3 Rb8 23. Nxc5 dxc5 24. Bxc5 fxe4 25. fxe4 e6 26. dxe6 Nxe6 27. Bb4 Ng5 28.
Rhe1 Re8 29. Rbc1 Rae6 30. Rc4 Ngxe4 31. Nxe4 Nxe4 32. a4 Ng5 33. Rxe6 Nxe6 34.
Rc6 g5 35. Rb6 Nd4 36. Bc3 Re2+ 37. Kf1 Rxh2 38. Rb8+ Kf7 39. Rb7+ Kg6 40. Rxg7+
Kxg7 41. Bxd4+ Kf7 42. Bf2 Ke6 43. a5 Kd7 44. a6 Kc8 45. b4 g4 46. b5 Rh5 47. b6
Ra5 48. a7 1/2-1/2

[Event "TCh-FRA Top 12 2014"]
[Site "Saint-Quentin FRA"]
[Date "2014.05.28"]
[Round "5.6"]
[White "Wirig, Anthony"]
[Black "Eliet, Nicolas"]
[Result "1/2-1/2"]
[WhiteTitle "GM"]
[BlackTitle "IM"]
[WhiteElo "2488"]
[BlackElo "2402"]
[WhiteTeam "Club d'Echecs Metz Fischer"]
[BlackTeam "Les Tours de Haute Picardie"]
[WhiteFideId "615013"]
[BlackFideId "602302"]
[EventDate "2014.05.24"]

1. e4 e6 2. Qe2 c5 3. Nf3 Nc6 4. g3 g6 5. Bg2 Bg7 6. c3 Nge7 7. O-O O-O 8. e5 d5
9. d3 h6 10. h4 f6 11. exf6 Rxf6 12. Nh2 Rf8 13. Nd2 Qd6 14. Rd1 Kh7 15. Ndf1
Bd7 16. Bd2 Rf7 17. Be1 Raf8 18. Rac1 b6 1/2-1/2

[Event "TCh-FRA Top 12 2014"]
[Site "Saint-Quentin FRA"]
[Date "2014.05.28"]
[Round "5.7"]
[White "Cappon, John"]
[Black "Belkhodja, Slim"]
[Result "0-1"]
[BlackTitle "GM"]
[WhiteElo "2238"]
[BlackElo "2410"]
[WhiteTeam "Les Tours de Haute Picardie"]
[BlackTeam "Club d'Echecs Metz Fischer"]
[WhiteFideId "608459"]
[BlackFideId "600229"]
[EventDate "2014.05.24"]

1. e4 c5 2. d4 cxd4 3. c3 d3 4. Nf3 Nc6 5. Bxd3 d6 6. h3 Nf6 7. c4 g6 8. Nc3 Bg7
9. O-O O-O 10. Qe2 Nd7 11. Nd5 e6 12. Ne3 b6 13. Rb1 Bb7 14. b4 Nde5 15. Nxe5
Nd4 16. Qd1 dxe5 17. c5 f5 18. Nc4 fxe4 19. Be2 bxc5 20. Ne3 cxb4 21. Rxb4 Rf7
22. Bc4 a5 23. Rxb7 Rxb7 24. Qg4 Kh8 25. Qxe4 Rc7 26. Bd3 Rac8 27. Bb2 Rb8 28.
Ba1 Rb4 29. Kh1 Nf5 30. Qf3 Rf4 31. Qe2 e4 32. Bxg7+ Kxg7 33. Bc4 Nxe3 34. Qxe3
e5 35. Qb6 e3 36. Be2 Rxf2 37. Qxe3 Rxf1+ 38. Bxf1 Qd4 39. Qe1 Qf4 40. g3 Rc1 0-1

[Event "TCh-FRA Top 12 2014"]
[Site "Saint-Quentin FRA"]
[Date "2014.05.28"]
[Round "5.8"]
[White "Leconte, Maria"]
[Black "Benmesbah, Natacha"]
[Result "0-1"]
[WhiteTitle "WGM"]
[BlackTitle "WIM"]
[WhiteElo "2259"]
[BlackElo "2187"]
[WhiteTeam "Club d'Echecs Metz Fischer"]
[BlackTeam "Les Tours de Haute Picardie"]
[WhiteFideId "618446"]
[BlackFideId "642002"]
[EventDate "2014.05.24"]

1. e4 c5 2. Nf3 Nc6 3. d4 cxd4 4. Nxd4 e5 5. Nb5 d6 6. c4 Be7 7. N1c3 a6 8. Na3
Be6 9. Be2 Bg5 10. O-O Bxc1 11. Rxc1 Nf6 12. Nc2 O-O 13. Qd3 Rc8 14. Rfd1 Ne8
15. Qe3 Qh4 16. Nd5 f5 17. exf5 Bxd5 18. cxd5 Ne7 19. g4 Nf6 20. Qg3 Qxg3+ 21.
hxg3 Rc5 22. Ne3 Rfc8 23. Rxc5 Rxc5 24. Nc4 Ne4 25. Kg2 b5 26. Ne3 Nf6 27. Rd3
Nexd5 28. Nxd5 Rxd5 29. g5 Rxd3 30. Bxd3 Nd7 31. Kf3 h6 32. gxh6 gxh6 33. Be4
Nf6 34. b4 d5 35. Bc2 Kf7 36. Bd1 Ke7 37. Ke3 Kd6 38. f4 d4+ 39. Kd3 Nd5 40. Bb3
Nxb4+ 41. Ke4 exf4 42. Kxf4 Nd3+ 43. Ke4 Nc1 44. Kxd4 Ne2+ 45. Kd3 Nxg3 46. f6
Nh5 47. f7 Ke7 48. Kd4 Nf6 49. Be6 a5 50. Kc5 Kxe6 51. f8=N+ Kf7 52. Kd4 0-1

[Event "TCh-FRA Top 12 2014"]
[Site "Saint-Quentin FRA"]
[Date "2014.05.28"]
[Round "5.1"]
[White "Nataf, Igor-Alexandre"]
[Black "Ipatov, Alexander"]
[Result "1/2-1/2"]
[WhiteTitle "GM"]
[BlackTitle "GM"]
[WhiteElo "2541"]
[BlackElo "2613"]
[WhiteTeam "C.E. Strasbourg"]
[BlackTeam "C.E. de Bois-Colombes"]
[WhiteFideId "605492"]
[BlackFideId "14116731"]
[EventDate "2014.05.24"]

1. e4 e5 2. Nf3 Nc6 3. Bb5 a6 4. Ba4 Nf6 5. O-O Be7 6. Re1 b5 7. Bb3 d6 8. c3
O-O 9. h3 Nb8 10. d4 Nbd7 11. Nbd2 Bb7 12. Bc2 Re8 13. b3 Bf8 14. Bb2 c6 15. Bd3
Qc7 16. Qc2 g6 17. Rad1 Rac8 18. Bf1 Bg7 19. dxe5 dxe5 20. c4 Bf8 21. cxb5 cxb5
22. Qxc7 Rxc7 23. Bd3 Nc5 24. Bb1 Nfd7 25. Rc1 f6 26. b4 Ne6 27. Rxc7 Nxc7 1/2-1/2

[Event "TCh-FRA Top 12 2014"]
[Site "Saint-Quentin FRA"]
[Date "2014.05.28"]
[Round "5.2"]
[White "Bauer, Christian"]
[Black "Rozentalis, Eduardas"]
[Result "1-0"]
[WhiteTitle "GM"]
[BlackTitle "GM"]
[WhiteElo "2628"]
[BlackElo "2618"]
[WhiteTeam "C.E. de Bois-Colombes"]
[BlackTeam "C.E. Strasbourg"]
[WhiteFideId "603767"]
[BlackFideId "12800023"]
[EventDate "2014.05.24"]

1. Nf3 Nf6 2. g3 d5 3. c4 c6 4. Qb3 g6 5. Bg2 Bg7 6. O-O O-O 7. d3 Qb6 8. Nc3
Na6 9. Be3 dxc4 10. dxc4 Qxb3 11. axb3 Ng4 12. Bg5 Bf6 13. Bxf6 Nxf6 14. Rfd1
Nd7 15. Ne4 h6 16. Ra5 Kg7 17. Nd4 Nc7 18. b4 Nb6 19. b3 Rd8 20. Raa1 a6 21. f4
Rb8 22. Kf2 Ne6 23. Nxe6+ Bxe6 24. Nc5 Nd7 25. Nxe6+ fxe6 26. Rd3 Nf6 27. Bh3 c5
28. bxc5 Ne4+ 29. Ke3 Nxc5 30. Rc3 e5 31. fxe5 b5 32. b4 Na4 33. Rd3 Nb2 34. c5
Nc4+ 35. Ke4 Nd2+ 36. Ke3 Nc4+ 37. Kf2 Nxe5 38. Re3 Rf8+ 39. Kg1 Nc6 40. Rxa6
Rf6 41. Bg2 Nxb4 42. Rxe7+ Rf7 43. Rxf7+ Kxf7 44. Ra7+ Ke6 45. c6 Kd6 46. Rd7+ 1-0

[Event "TCh-FRA Top 12 2014"]
[Site "Saint-Quentin FRA"]
[Date "2014.05.28"]
[Round "5.3"]
[White "Baklan, Vladimir"]
[Black "Amin, Bassem"]
[Result "1/2-1/2"]
[WhiteTitle "GM"]
[BlackTitle "GM"]
[WhiteElo "2636"]
[BlackElo "2628"]
[WhiteTeam "C.E. Strasbourg"]
[BlackTeam "C.E. de Bois-Colombes"]
[WhiteFideId "14102196"]
[BlackFideId "10601457"]
[EventDate "2014.05.24"]

1. e4 e5 2. Nf3 Nc6 3. Bb5 a6 4. Ba4 Nf6 5. O-O Be7 6. d3 d6 7. c3 O-O 8. Nbd2
Re8 9. Re1 Bf8 10. d4 b5 11. Bc2 Bb7 12. d5 Ne7 13. c4 c6 14. b3 Rc8 15. Nf1 Qc7
16. Ne3 cxd5 17. cxd5 Ng4 18. Nxg4 Qxc2 19. Qxc2 Rxc2 20. Ne3 Rc7 21. Ba3 Rd7
22. Nd2 g6 23. Bb4 f5 24. f3 Bh6 25. Ndf1 Rf8 26. Bd2 fxe4 27. fxe4 Bc8 28. a4
Kg7 29. axb5 axb5 30. Ra5 Ng8 31. Ng3 Bf4 32. Ne2 Bxe3+ 33. Bxe3 Nf6 34. Ng3 h5
35. Bg5 Nh7 36. Be3 Nf6 37. Bg5 Nh7 38. Bd2 h4 39. Nh1 Rc7 40. Rc1 Rcf7 41. Ra8
Bd7 42. Rxf8 Kxf8 43. Nf2 h3 44. Bb4 Rf6 45. Rc7 Ke8 46. Nxh3 Bxh3 47. Rxh7 Bg4
48. Rc7 Be2 49. Rc1 Bd3 50. Re1 Rf4 51. Bxd6 Rxe4 52. Rxe4 1/2-1/2

[Event "TCh-FRA Top 12 2014"]
[Site "Saint-Quentin FRA"]
[Date "2014.05.28"]
[Round "5.4"]
[White "Cornette, Matthieu"]
[Black "Sanikidze, Tornike"]
[Result "1/2-1/2"]
[WhiteTitle "GM"]
[BlackTitle "GM"]
[WhiteElo "2547"]
[BlackElo "2514"]
[WhiteTeam "C.E. de Bois-Colombes"]
[BlackTeam "C.E. Strasbourg"]
[WhiteFideId "620084"]
[BlackFideId "13602608"]
[EventDate "2014.05.24"]

1. d4 d5 2. c4 e6 3. Nc3 Bb4 4. Nf3 Nf6 5. Bg5 h6 6. Bxf6 Qxf6 7. e3 O-O 8. Rc1
c6 9. a3 Bxc3+ 10. Rxc3 Re8 11. Be2 dxc4 12. Rxc4 Nd7 13. O-O e5 14. dxe5 Nxe5
15. Nxe5 Qxe5 16. Qd2 Be6 17. Rd4 Qf6 18. Bf3 Rad8 19. Rd1 Rxd4 20. Qxd4 Qxd4
21. Rxd4 Kf8 22. Kf1 Ke7 23. Ra4 a6 24. Rb4 Bc8 25. Ke2 Kd6 26. Rd4+ 1/2-1/2

[Event "TCh-FRA Top 12 2014"]
[Site "Saint-Quentin FRA"]
[Date "2014.05.28"]
[Round "5.5"]
[White "Vaisser, Anatoly"]
[Black "Kazakov, Mikhail"]
[Result "1-0"]
[WhiteTitle "GM"]
[BlackTitle "GM"]
[WhiteElo "2531"]
[BlackElo "2517"]
[WhiteTeam "C.E. Strasbourg"]
[BlackTeam "C.E. de Bois-Colombes"]
[WhiteFideId "603252"]
[BlackFideId "14102749"]
[EventDate "2014.05.24"]

1. d4 g6 2. e4 Bg7 3. c4 d6 4. Nc3 c6 5. Be3 Nf6 6. h3 O-O 7. Nf3 a6 8. e5 Ne8
9. Be2 Nc7 10. O-O b5 11. Qc1 Nd7 12. Bh6 dxe5 13. dxe5 Ne6 14. Bxg7 Kxg7 15.
Ne4 b4 16. Neg5 Ndc5 17. Qe3 h6 18. Nxe6+ Nxe6 19. Rfd1 Qa5 20. Nd2 Rd8 21. Nb3
Rxd1+ 22. Bxd1 Qc7 23. Bf3 a5 24. Nc5 a4 25. Nd3 Rb8 26. Bg4 b3 27. a3 Qd8 28.
Rd1 Qa5 29. f4 h5 30. Bf3 Ba6 31. f5 gxf5 32. Bxh5 Bxc4 33. Qg3+ Kf8 34. Nf4 Rd8
35. Rc1 Bd5 36. Bxf7 Kxf7 37. Qg6+ Kf8 38. Qxf5+ Ke8 39. Nxe6 Bxe6 40. Qxe6 Qd5
41. Qg6+ Kd7 42. Qg4+ Kc7 43. Qxa4 Rg8 44. Qa7+ Kc8 45. Qa6+ Kc7 46. Qe2 Rg3 47.
Qf2 Rg5 48. Re1 Kb7 49. Qe2 Kc7 50. Kh2 Rg7 51. Qe4 Qd2 52. Re2 Qd1 53. Qe3 Qf1
54. Qa7+ Kc8 55. Rf2 1-0

[Event "TCh-FRA Top 12 2014"]
[Site "Saint-Quentin FRA"]
[Date "2014.05.28"]
[Round "5.6"]
[White "Abergel, Thal"]
[Black "Heinz, Timothee"]
[Result "1-0"]
[WhiteTitle "GM"]
[BlackTitle "FM"]
[WhiteElo "2417"]
[BlackElo "2322"]
[WhiteTeam "C.E. de Bois-Colombes"]
[BlackTeam "C.E. Strasbourg"]
[WhiteFideId "614890"]
[BlackFideId "623369"]
[EventDate "2014.05.24"]

1. d4 d5 2. Nf3 Nf6 3. Bf4 c6 4. e3 Bf5 5. c4 e6 6. Qb3 Qb6 7. c5 Qxb3 8. axb3
Nbd7 9. b4 Bxb1 10. Rxb1 a6 11. h3 Be7 12. Nd2 Bd8 13. Nb3 Rc8 14. Na5 Bxa5 15.
bxa5 Ke7 16. Rd1 Ne8 17. Rd3 Nc7 18. Bd6+ Kd8 19. Be2 Nb5 20. Bg3 Re8 21. O-O
Ke7 22. f3 Kf8 23. Rd2 e5 24. Bd3 exd4 25. exd4 g6 26. Bf2 Kg7 27. Bc2 Re6 28.
g4 Rce8 29. Bd3 R6e7 30. h4 Nf8 31. f4 h6 32. f5 Nd7 33. fxg6 fxg6 34. h5 g5 35.
Bf5 Nf6 36. Bg3 Ne4 37. Bxe4 Rxe4 38. Be5+ R8xe5 39. dxe5 Nd4 40. Rdf2 Ne2+ 41.
Kh2 Nf4 42. Rf3 Rb4 43. e6 Kf6 44. b3 Re4 45. Kg3 Kxe6 46. b4 Ke5 47. Rd1 d4 48.
Kf2 Re2+ 49. Kf1 Re3 50. Rxe3+ dxe3 51. Rd7 Ke4 52. Rxb7 Kf3 53. Re7 e2+ 54. Ke1
Nd3+ 55. Kd2 Nxc5 56. bxc5 Kg3 57. Rxe2 1-0

[Event "TCh-FRA Top 12 2014"]
[Site "Saint-Quentin FRA"]
[Date "2014.05.28"]
[Round "5.7"]
[White "Roos, Louis"]
[Black "Shoker, Samy"]
[Result "0-1"]
[WhiteTitle "IM"]
[BlackTitle "IM"]
[WhiteElo "2351"]
[BlackElo "2453"]
[WhiteTeam "C.E. Strasbourg"]
[BlackTeam "C.E. de Bois-Colombes"]
[WhiteFideId "600288"]
[BlackFideId "627143"]
[EventDate "2014.05.24"]

1. c4 g6 2. Nc3 Bg7 3. g3 Nf6 4. Bg2 O-O 5. e4 d6 6. Nge2 c5 7. O-O Nc6 8. d3 a6
9. a4 Rb8 10. h3 Ne8 11. Be3 Nc7 12. d4 cxd4 13. Nxd4 Ne6 14. Nde2 Bd7 15. Rb1
Na5 16. b3 b5 17. cxb5 axb5 18. b4 Nc4 19. a5 Nxe3 20. fxe3 Nc7 21. Qd3 Be5 22.
Nd5 Na8 23. Rbc1 e6 24. Ndf4 Nc7 25. Qb3 Na6 26. Nd3 Bg7 27. Nd4 Qg5 28. Rf3
Rbc8 29. h4 Qe7 30. Rff1 e5 31. Nf3 Be6 32. Qa3 Bh6 33. Rfe1 Qa7 34. Kf2 f5 35.
Rxc8 Bxc8 36. Qb3+ Kh8 37. Qd5 fxe4 38. Qxe4 Bb7 39. Qg4 e4 40. Nf4 exf3 41.
Bxf3 Bc8 42. Ne6 Bg7 43. Rc1 Qf7 44. Rxc8 Rxc8 45. Nc5 Rf8 46. Nxa6 Qb7 0-1

[Event "TCh-FRA Top 12 2014"]
[Site "Saint-Quentin FRA"]
[Date "2014.05.28"]
[Round "5.8"]
[White "Dacalor, Aurelie"]
[Black "Nicoara, Malina"]
[Result "1/2-1/2"]
[WhiteTitle "WFM"]
[BlackTitle "WIM"]
[WhiteElo "2030"]
[BlackElo "2108"]
[WhiteTeam "C.E. de Bois-Colombes"]
[BlackTeam "C.E. Strasbourg"]
[WhiteFideId "617083"]
[BlackFideId "604631"]
[EventDate "2014.05.24"]

1. d4 d6 2. c4 e5 3. Nf3 Nd7 4. e4 Ngf6 5. Nc3 Be7 6. Be2 O-O 7. O-O c6 8. Qc2
Qc7 9. h3 a6 10. Be3 Re8 11. Rfd1 b5 12. Rac1 Bb7 13. cxb5 cxb5 14. Qb1 Qb8 15.
b4 exd4 16. Rxd4 Bf8 17. g4 d5 18. exd5 Rxe3 19. fxe3 Qg3+ 20. Kf1 Qxh3+ 21. Ke1
Re8 22. Kd2 g6 23. Rh1 Qg3 24. Qg1 Qc7 25. Qh2 Bd6 26. Qh6 Nf8 27. g5 Nxd5 28.
Rxd5 Bxb4 29. Rd3 Rd8 30. Rc1 Rxd3+ 31. Kxd3 Ne6 32. Nd5 Qd7 33. e4 Bxd5 34.
exd5 Qxd5+ 35. Kc2 Qxa2+ 36. Kd1 Qb3+ 37. Rc2 Qb1+ 38. Rc1 Qb3+ 39. Rc2 Qb1+ 1/2-1/2

[Event "TCh-FRA Top 12 2014"]
[Site "Saint-Quentin FRA"]
[Date "2014.05.28"]
[Round "5.1"]
[White "Swiercz, Dariusz"]
[Black "Van Wely, Loek"]
[Result "1/2-1/2"]
[WhiteTitle "GM"]
[BlackTitle "GM"]
[WhiteElo "2608"]
[BlackElo "2656"]
[WhiteTeam "C.E. de Rueil Malmaison"]
[BlackTeam "Clichy-Echecs-92"]
[WhiteFideId "1126881"]
[BlackFideId "1000268"]
[EventDate "2014.05.24"]

1. e4 c5 2. Nf3 e6 3. d4 cxd4 4. Nxd4 Nc6 5. Nc3 d6 6. Be2 Nf6 7. O-O Be7 8. Be3
O-O 9. f4 e5 10. Nb3 a5 11. fxe5 dxe5 12. Qxd8 Bxd8 13. Bb5 Be6 14. Kh1 Bxb3 15.
axb3 Nd4 16. Bd3 Rc8 17. Bxd4 exd4 18. Nb5 Ng4 19. Nxd4 Bb6 20. c3 Ne5 21. Bb5
Rfd8 22. Rad1 g6 23. h3 h5 24. g3 Rd6 25. Rd2 Kf8 26. Kg2 Ke7 27. Rfd1 Rdd8 28.
Nf3 Rxd2+ 29. Rxd2 Rc5 30. Ba4 Kf8 31. Nd4 Rc8 32. Bb5 Ke7 33. Nc2 Bc5 34. Rd5
f6 35. Kf1 b6 36. Ke2 Rd8 37. Ne3 Rxd5 38. Nxd5+ Kf7 39. Ba6 Kg7 40. Nf4 Kf7 41.
Bc8 b5 42. Ba6 b4 43. cxb4 Bxb4 44. Bc4+ Kg7 45. Be6 Bd6 46. Bd5 Kh6 47. Ne6 Nd7
48. Kf3 Ne5+ 49. Ke2 Nd7 50. Kf3 Ne5+ 51. Ke2 1/2-1/2

[Event "TCh-FRA Top 12 2014"]
[Site "Saint-Quentin FRA"]
[Date "2014.05.28"]
[Round "5.2"]
[White "Fressinet, Laurent"]
[Black "Renet, Olivier"]
[Result "1-0"]
[WhiteTitle "GM"]
[BlackTitle "GM"]
[WhiteElo "2711"]
[BlackElo "2480"]
[WhiteTeam "Clichy-Echecs-92"]
[BlackTeam "C.E. de Rueil Malmaison"]
[WhiteFideId "608742"]
[BlackFideId "600040"]
[EventDate "2014.05.24"]

1. Nf3 Nf6 2. g3 g6 3. Bg2 Bg7 4. c4 O-O 5. O-O d6 6. d4 Nc6 7. Nc3 a6 8. Re1
Rb8 9. Rb1 Bf5 10. e4 Bg4 11. Be3 Qc8 12. Qd3 Bxf3 13. Bxf3 Ng4 14. Bxg4 Qxg4
15. Kg2 f5 16. Qd1 e5 17. d5 Nd4 18. Rc1 b5 19. cxb5 axb5 20. Qxg4 fxg4 21. Nb1
Rb7 22. b4 h5 23. Rc3 Kh7 24. Rec1 Rf7 25. Ra3 Bh6 26. Nd2 Kg7 27. Bxh6+ Kxh6
28. Ra8 Kg7 29. Rc3 Rf8 30. Rca3 Nc2 31. Rxf8 Kxf8 32. Ra8+ Ke7 33. a3 c6 34.
Rg8 Kf7 35. Rc8 Nd4 36. dxc6 Rb6 37. c7 Rc6 38. Rh8 1-0